000
00290nam a22001337a 4500
008
181016b xxu||||| |||| 00| 0 eng d
020
_a
9780781775830
041
_a
eng
080
_a
616.15
100
_a
9
101
_a
HEM
245
_a
Clinical Hematology
_c
Grifin.R
942
_2
udc
_c
BK
999
_c
49863
_d
49863